Nationality of footballers (soccer) - Statistics

General Stats
  • This quiz has been taken 2,526 times
  • The average score is 15 of 20
Answer Stats
Hint Answer % Correct
Oliver Giroud France
98%
David Beckham England
97%
Robert Lewandowski Poland
94%
Cesc Fabregas Spain
94%
Zlatan Ibrahimovic Sweden
93%
Luka Modric Croatia
92%
Eden Hazard Belgium
91%
Alexis Sanchez Chile
88%
Andrij Shevchenko Ukraine
87%
Michael Ballack Germany
85%
Shinji Kagawa Japan
85%
Dennis Bergkamp Netherlands
81%
Deco Portugal
79%
Michael Essien Ghana
68%
Martin Demichelis Argentina
58%
Tomas Rosicky Czech Republic
58%
Demba Ba Senegal
57%
Emmanuel Adebayor Togo
46%
Edin Dzeko Bosnia and Herzegovina
41%
Mohamed Sissoko Mali
28%
No matching quizzes found
Score Distribution
Percent of People with Each Score
Percentile by Number Answered
Your Score History
You have not taken this quiz